| 000 | 00870cab a22002055a 4500 | ||
|---|---|---|---|
| 001 | L138851 | ||
| 008 | 070717s2007 xxk 000 0 eng d | ||
| 035 | _a(Sirsi) u138851 | ||
| 041 | 0 | _aeng | |
| 110 | 2 |
_aRoyal Institute of British Architects _92527 |
|
| 245 | 0 | 0 | _aRIBA outline plan of work 2007 |
| 260 | _c2007 | ||
| 490 | 0 |
_aRIBA Journal _v114(7) July 2007, 70-74(3) |
|
| 520 | _aReproduces RIBA's outline plan of work, which organises the process of managing and designing building projects, and administering building contracts into a number of key work stages. Diagrams illustrate different sequences for completion of work stages for various procurement methods. | ||
| 590 | _aKA | ||
| 650 | 2 | 4 | _aRIBA OUTLINE PLAN OF WORK (2007 EDITION) |
| 651 | 4 |
_aUnited Kingdom _y |
|
| 690 | _aBUILT ENVIRONMENT-CONSTRUCTION DESIGN-ARCHITECTURAL DESIGN | ||
| 942 | _n0 | ||
| 999 |
_c79015 _d79015 |
||